000 00659nam a2200205 a 4500
001 BRCA_2172
005 20190320203711.0
008 000517s1999 mx-a---##b---f000-0#spa-#
020 _a9684020244
040 _aDLC
_cDLC
050 4 _aHC140
_b.M55 1999
245 1 0 _aDe un milenio a otro
_bhistoria del consumo en México.
260 _aMéxico
_bProcuraduría Federal del Consumidor
_c1999
300 _a197 p.
_bil. (algunas a color)
_c30 cm.
440 0 _aLa suave patria
_96553
504 _aBibliografía : p. 193-195
650 1 4 _aConsumo (Economía)
_xHistoria
_zMéxico
_96554
650 1 4 _aBienes de consumo
_xHistoria
_zMéxico
_96555
942 _2lcc
_cB
999 _c1928
_d1928